Lanean...

Firm and its environment /

Xehetasun bibliografikoak
Egile nagusia: Barback, R. H.
Formatua: Printed Book
Hizkuntza:English
Argitaratua: Delhi: Heritage, 1985.
Gaiak:
LEADER 00475 a2200133 4500
008 100208b ||||| |||| 00| 0 eng d
082 |a 338.7 
100 |a Barback, R. H. 
245 |a Firm and its environment /  |c R H Barback 
260 |b Heritage,  |a Delhi:  |c 1985. 
650 |a Business enterprises 
942 |c BK 
999 |c 314594  |d 314594 
952 |0 0  |1 0  |2 ddc  |4 0  |6 338_700000000000000_BAR_F  |7 0  |9 360694  |a ECN  |b ECN  |c GEN  |d 2010-09-07  |g 0.00  |i 5104  |l 0  |o 338.7 BAR/F  |p ECN5104  |r 2010-09-07  |w 2010-09-07  |y BK